[Event "Let's Play Chess!"]
[Site "http://www.queenalice.com/game.php?id=1321337"]
[Date "2014.11.9"]
[Round "-"]
[White "tucuman"]
[Black "vallef"]
[Result "0-1"]
[WhiteElo "1779"]
[BlackElo "1692"]

1. e4 e5 2. Nf3 d5 3. exd5 Bd6 4. a3 Nf6 5. Nc3 O-O 6. h3 e4 7. Nh2 c6 8. dxc6
Nxc6 9. Be2 Be6 10. d3 Bxh2 11. Rxh2 exd3 12. Bxd3 Re8 13. Bb5 Bc4+ 14. Be3 Bxb5
15. Qxd8 Raxd8 16. Nxb5 Nd5 17. O-O-O a6 18. Nc3 Nxe3 19. fxe3 Rxd1+ 20. Nxd1 f5
21. Rh1 Kf7 22. Rf1 Kf6 23. g4 Ne7 24. e4 g6 25. exf5 gxf5 26. gxf5 Nxf5 27. Kb1
Kg5 28. Rg1+ Kh4 29. Nc3 Ng3 30. Rd1 Re7 31. Nd5 Rf7 32. Ne3 Re7 33. Nf1 Kxh3
34. Nxg3 Kxg3 35. Rh1 Kf2 36. Rh2+ Ke3 37. c3 Kd3 38. Ka2 b5 39. Rh3+ Ke4 40.
Rh4+ Kf3 41. Rh3+ Kg4 42. Rh6 Ra7 43. b4 Kg5 44. Rh1 h5 45. Rg1+ Kf4 46. Rf1+
Kg3 47. Rf5 h4 48. Rd5 h3 49. Rg5+ Kf3 50. Rf5+ Kg2 51. Rg5+ Kh1 52. Rh5 h2 53.
Rg5 Rf7 54. Kb3 Rf2 55. Rg6 Rg2 56. Rh6 Kg1 57. a4 h1=Q 58. Rxh1+ Kxh1 59. axb5
axb5 60. c4 Rg3+ 61. Kc2 bxc4 62. b5 Rb3 63. b6 Rxb6 64. Kc3 Rc6 65. Kc2 c3 66.
Kc1 c2 0-1

[Event "AUTO-ADV-3284"]
[Site "http://www.queenalice.com/game.php?id=1321385"]
[Date "2014.11.10"]
[Round "1"]
[White "vallef"]
[Black "mauricio_sm"]
[Result "1-0"]
[WhiteElo "1642"]
[BlackElo "1930"]

1. e4 c5 2. c4 e6 3. Nf3 d5 4. cxd5 exd5 5. exd5 Qxd5 6. Nc3 Qd8 7. Bc4 Be7 8.
O-O Nf6 9. Ne5 O-O 10. Qb3 Qe8 11. d3 Nbd7 12. Bf4 Nxe5 13. Bxe5 Bf5 14. Rae1
Qd7 15. Nd5 Nxd5 16. Bxd5 Be6 17. Bxe6 Qxe6 18. Qxe6 fxe6 19. f4 Rae8 20. g3 Bf6
21. Bd6 Bd4+ 22. Kg2 Rf7 23. Be5 Bxe5 24. Rxe5 Rf5 25. Rfe1 Kf7 26. Kf3 Rxe5 27.
fxe5 Ke7 28. Rc1 b6 29. b4 Rd8 30. Ke3 cxb4 31. Rb1 a5 32. a3 bxa3 33. Ra1 Ra8
34. Rxa3 a4 35. Kd4 Kd7 36. Kc4 Kc6 37. d4 b5+ 38. Kb4 Rd8 39. Rc3+ Kb6 40. Rd3
Rf8 41. d5 Rf5 42. d6 Rxe5 43. d7 Re4+ 44. Kc3 b4+ 45. Kd2 1-0

[Event "AUTO-ADV-3284"]
[Site "http://www.queenalice.com/game.php?id=1321386"]
[Date "2014.11.10"]
[Round "1"]
[White "mauricio_sm"]
[Black "vallef"]
[Result "1-0"]
[WhiteElo "1968"]
[BlackElo "1655"]

1. e4 e5 2. Nf3 d5 3. exd5 Bd6 4. Nc3 Nf6 5. d3 O-O 6. Be2 c6 7. dxc6 bxc6 8.
Bg5 h6 9. Bxf6 Qxf6 10. Ne4 Qd8 11. Nxd6 Qxd6 12. O-O Re8 13. Re1 e4 14. dxe4
Qxd1 15. Raxd1 Bb7 16. Bd3 Nd7 17. Nd4 Rad8 18. Nf5 Ne5 19. f4 Nxd3 20. Rxd3 c5
21. Nd6 Re7 22. Nxb7 Rxb7 23. b3 g6 24. Red1 Re8 25. e5 Kg7 26. Kf2 f6 27. Rd7+
Rxd7 28. Rxd7+ Kf8 29. exf6 Re6 30. Rxa7 Rxf6 31. g3 Rd6 32. Ke2 Re6+ 33. Kf3
1-0

[Event "AUTO-ADV-3284"]
[Site "http://www.queenalice.com/game.php?id=1321387"]
[Date "2014.11.10"]
[Round "1"]
[White "vallef"]
[Black "bouley"]
[Result "0-1"]
[WhiteElo "1652"]
[BlackElo "2002"]

1. e4 Nc6 2. d4 d5 3. e5 Bf5 4. Bb5 Qd7 5. Bg5 h6 6. Bh4 g5 7. Bg3 e6 8. Nf3
Bb4+ 9. c3 Ba5 10. b4 Bb6 11. O-O a6 12. Ba4 O-O-O 13. Nbd2 Nge7 14. Nb3 Be4 15.
Qe2 Nf5 16. c4 Qe7 17. Bxc6 bxc6 18. c5 Ba7 19. Qxa6+ Kd7 20. Na5 Bxf3 21. gxf3
Nxd4 22. Kg2 Bxc5 23. bxc5 Qxc5 24. Rac1 Qb6 25. Qd3 Qxa5 26. Qxd4 Qxa2 27. Ra1
Qc2 28. Rfc1 Qg6 29. Qc5 f5 30. Qxc6+ Ke7 31. Ra7 Qe8 32. Rxc7+ Kf8 33. Qc5+ Kg8
34. Qe7 Qxe7 35. Rxe7 Rh7 36. Rcc7 Rxe7 37. Rxe7 f4 38. Bxf4 gxf4 39. Rxe6 Kg7
40. Kh3 d4 41. Rd6 Rxd6 42. exd6 Kf7 43. Kg4 d3 0-1

[Event "AUTO-ADV-3284"]
[Site "http://www.queenalice.com/game.php?id=1321388"]
[Date "2014.11.10"]
[Round "1"]
[White "bouley"]
[Black "vallef"]
[Result "1-0"]
[WhiteElo "1962"]
[BlackElo "1659"]

1. e4 e5 2. Bc4 Nf6 3. Nc3 Nxe4 4. Nxe4 d5 5. Bxd5 Qxd5 6. f3 Bf5 7. d3 Bc5 8.
Qe2 O-O 9. Nxc5 b6 10. Ne4 Nc6 11. Be3 Qb5 12. c3 Rad8 13. O-O-O Rd7 14. g4 Bg6
15. Nh3 f5 16. gxf5 Bxf5 17. Nhf2 a5 18. Qc2 a4 19. a3 Rfd8 20. c4 Qa6 21. Nc3
Nd4 22. Bxd4 exd4 23. Qxa4 Qb7 24. Nce4 c5 25. Ng4 Bxg4 26. fxg4 Rf8 27. Qb3 Qb8
28. Rdf1 Rdf7 29. Rxf7 Rxf7 30. Qd1 Qf4+ 31. Kc2 Qxg4 32. Qxg4 1-0

[Event "AUTO-ADV-3284"]
[Site "http://www.queenalice.com/game.php?id=1321389"]
[Date "2014.11.10"]
[Round "1"]
[White "vallef"]
[Black "jahe"]
[Result "0-1"]
[WhiteElo "1711"]
[BlackElo "1826"]

1. e4 c5 2. Nf3 Nc6 3. Bc4 e6 4. O-O d5 5. exd5 exd5 6. Bb5 Bd6 7. d4 Be6 8. b3
Ne7 9. Ne5 O-O 10. Bxc6 Nxc6 11. Nxc6 bxc6 12. dxc5 Bxc5 13. Qf3 f5 14. Bf4 Bd4
15. c3 Bb6 16. Qg3 Rf6 17. Bg5 Ba5 18. Bxf6 Qxf6 19. b4 Bxb4 20. Nd2 Bxc3 21.
Rad1 Be5 22. f4 Bd4+ 23. Kh1 c5 24. Nb3 Rc8 25. Nxd4 cxd4 26. Rc1 Rb8 27. Qa3
Qf7 28. Rb1 Rc8 29. Rfc1 Re8 30. Qa4 d3 31. Qd4 Qh5 32. Qxd3 h6 33. Rc7 Bf7 34.
Rxa7 Qh4 35. Qd2 d4 36. g3 Qh3 37. Qxd4 Re2 38. Qg1 Bd5+ 0-1

[Event "AUTO-ADV-3284"]
[Site "http://www.queenalice.com/game.php?id=1321390"]
[Date "2014.11.10"]
[Round "1"]
[White "jahe"]
[Black "vallef"]
[Result "0-1"]
[WhiteElo "1820"]
[BlackElo "1686"]

1. e4 e5 2. Nf3 Qe7 3. Bc4 h6 4. Nc3 Nf6 5. d4 Qb4 6. Nxe5 d5 7. exd5 Ne4 8. Qf3
f6 9. Qh5+ Ke7 10. d6+ cxd6 11. Ng6+ Kd8 12. Nxh8 Nxc3 13. Nf7+ Kc7 14. Bb3
Nxa2+ 15. Bd2 Qxd4 16. Bxa2 Qe4+ 17. Qe2 Qxe2+ 18. Kxe2 Nc6 19. Bf4 Bf5 20. c3
Re8+ 21. Kf3 g5 22. Bd2 Re7 23. Rae1 Ne5+ 24. Nxe5 dxe5 25. g3 g4+ 26. Ke2 Be4
27. Rhg1 Bf3+ 28. Kf1 f5 29. Be3 b6 30. Bg8 Kd6 31. Bc1 Bg7 32. Bh7 Ke6 33. Bg8+
Kf6 34. Bb3 a5 35. Bd1 Bd5 36. b3 b5 37. Bc2 Rc7 38. Re3 f4 39. gxf4 exf4 40.
Rd3 Be4 41. Rd2 Rxc3 42. Bxe4 Rxc1+ 43. Kg2 f3+ 44. Kh1 Rc5 45. Rb1 Ke5 46. Re1
Kf4 47. Rd3 a4 48. bxa4 bxa4 49. Ra3 Bd4 50. Kg1 Rc4 51. h3 Bxf2+ 52. Kxf2 g3+
53. Kf1 f2 54. Re2 Rc1+ 0-1

[Event "OS INCLIVEIS"]
[Site "http://www.queenalice.com/game.php?id=1323763"]
[Date "2014.11.22"]
[Round "-"]
[White "adelio"]
[Black "vallef"]
[Result "1-0"]
[WhiteElo "1839"]
[BlackElo "1650"]

1. d4 d5 2. e4 e6 3. e5 g6 4. Be2 Bg7 5. Nf3 Ne7 6. h4 h5 7. Ng5 Nbc6 8. Nxf7
Kxf7 9. c3 Nf5 10. g3 Bh6 11. Nd2 a6 12. Nf3 Qf8 13. Ng5+ Bxg5 14. hxg5 h4 15.
Bg4 Ncxd4 16. Bxf5 Nxf5 17. Qf3 b5 18. g4 Bb7 19. gxf5 exf5 20. Qf4 Qe7 21. Be3
d4 22. Rxh4 dxe3 23. f3 Bxf3 24. Qxf3 Qxe5 25. Rd4 Rad8 26. O-O-O Rxd4 27. Rxd4
Re8 28. Rd7+ Re7 29. Rxe7+ Kxe7 30. Qe2 f4 31. Qh2 Qxg5 32. Qh7+ Kf6 33. Qh8+
Kf5 34. Qc8+ Ke4 35. Qa8+ Kd3 36. Qh1 Qg4 37. Qd5+ Ke2 38. Qd1+ Kf2 39. Qxg4 1-0

[Event "OS INCLIVEIS"]
[Site "http://www.queenalice.com/game.php?id=1323764"]
[Date "2014.11.22"]
[Round "-"]
[White "vallef"]
[Black "adelio"]
[Result "1-0"]
[WhiteElo "1670"]
[BlackElo "1808"]

1. e4 g6 2. Bc4 d5 3. exd5 Qd6 4. Nc3 Nf6 5. Nf3 a6 6. O-O b5 7. Bb3 Bb7 8. a4
b4 9. Ne2 Nxd5 10. d3 Nd7 11. Bd2 Ne5 12. Re1 Nxf3+ 13. gxf3 Nf4 14. Bxf4 e5 15.
Bg3 Bxf3 16. Qd2 h5 17. Qe3 Bxe2 18. Bxe5 Qe7 19. Bxh8 Qxe3 20. fxe3 Bg4 21. Rf1
Be6 22. Bxe6 fxe6 23. Rf6 g5 24. Rxe6+ Kd7 25. Rg6 Be7 26. Bf6 g4 27. Bxe7 Kxe7
28. Rf1 c5 29. Rff6 Rd8 30. Rxa6 b3 31. cxb3 Rxd3 32. Ra7+ Kf8 33. Rc6 Rxe3 34.
Rxc5 h4 35. Rh5 Kg8 36. Rxh4 g3 37. Rg4+ Kf8 38. Rxg3 Re2 39. Rf3+ Ke8 40. Rh3
Kd8 41. Rh8+ Re8 42. Rxe8+ Kxe8 43. Kf2 Kd8 44. Ke3 Ke8 45. Ke4 Kd8 46. Kd5 Ke8
47. Kd6 Kf8 48. Ke6 Kg8 49. Kf6 Kh8 50. Kg6 Kg8 51. Ra8# 1-0

[Event "AUTO-ADV-3305"]
[Site "http://www.queenalice.com/game.php?id=1326424"]
[Date "2014.12.6"]
[Round "1"]
[White "worldwide"]
[Black "vallef"]
[Result "1-0"]
[WhiteElo "1849"]
[BlackElo "1699"]

1. d4 d5 2. e3 Nf6 3. Bb5+ c6 4. Ba4 b5 5. Bb3 e6 6. a4 b4 7. Ne2 c5 8. dxc5
Bxc5 9. Bd2 O-O 10. c3 bxc3 11. Bxc3 Nc6 12. Na3 a6 13. Nd4 Nxd4 14. Bxd4 Qa5+
15. Bc3 Bb4 16. Nb1 e5 17. O-O Bb7 18. Bxb4 Qxb4 19. a5 Rfd8 20. Ra4 Qd6 21. Qe2
Ne4 22. Bc2 Nc5 23. Rh4 g6 24. f4 e4 25. Rd1 Bc8 26. Nc3 Bb7 27. Qg4 Qf6 28. Ne2
Rab8 29. Ng3 Kh8 30. Qh3 h5 31. f5 Bc8 32. Rf1 Rxb2 33. Bd1 Rb1 34. Rhf4 Nd3 35.
Qh4 Qd6 36. fxg6 fxg6 37. Rf6 Qe7 38. Nxh5 gxh5 39. Qxh5+ Kg8 40. Rg6+ Qg7 41.
Rxg7+ 1-0

[Event "AUTO-ADV-3305"]
[Site "http://www.queenalice.com/game.php?id=1326425"]
[Date "2014.12.6"]
[Round "1"]
[White "vallef"]
[Black "worldwide"]
[Result "0-1"]
[WhiteElo "1700"]
[BlackElo "1832"]

1. e4 e5 2. Nf3 Nc6 3. Bc4 h6 4. d4 Nxd4 5. Nxd4 exd4 6. Qxd4 d6 7. O-O Ne7 8.
Bf4 Nc6 9. Qd2 Qf6 10. Nc3 g5 11. Be3 Be7 12. a3 Be6 13. Bb5 O-O-O 14. Bxc6 bxc6
15. Bxa7 h5 16. Qd3 g4 17. Bd4 Qh6 18. Bxh8 Rxh8 19. Rfe1 h4 20. b4 g3 21. fxg3
hxg3 22. hxg3 Bf6 23. Rad1 Be5 24. b5 Qh2+ 25. Kf2 Rh3 26. Rh1 Bxg3+ 0-1

[Event "AUTO-ADV-3305"]
[Site "http://www.queenalice.com/game.php?id=1326440"]
[Date "2014.12.6"]
[Round "1"]
[White "NatanEstivallet"]
[Black "vallef"]
[Result "1-0"]
[WhiteElo "1919"]
[BlackElo "1689"]

1. e4 e5 2. Nf3 Nc6 3. Bc4 h6 4. d4 Nxd4 5. Nxe5 Ne6 6. Nc3 Bb4 7. Bd2 Nf6 8.
O-O O-O 9. f4 Bxc3 10. Bxc3 Nxe4 11. Be1 d6 12. Nf3 Nxf4 13. Bh4 Qd7 14. Nd4 b5
15. Rxf4 bxc4 16. Rxe4 Bb7 17. Re7 Qc8 18. Qh5 a5 19. Rf1 Be4 20. Rfxf7 g6 21.
Rg7+ 1-0

[Event "AUTO-ADV-3305"]
[Site "http://www.queenalice.com/game.php?id=1326441"]
[Date "2014.12.6"]
[Round "1"]
[White "vallef"]
[Black "NatanEstivallet"]
[Result "0-1"]
[WhiteElo "1689"]
[BlackElo "2012"]

1. e4 c5 2. Nf3 d6 3. h3 Nf6 4. Nc3 g6 5. Bc4 Bg7 6. O-O O-O 7. Ng5 Nc6 8. Nxf7
Rxf7 9. Bxf7+ Kxf7 10. d3 Be6 11. Bf4 a6 12. Qd2 Nd4 13. Ne2 Nxe2+ 14. Qxe2 Kg8
15. c4 Qd7 16. b3 Nh5 17. Bg3 Nxg3 18. fxg3 Bxa1 19. Rxa1 Rf8 20. Rf1 Rxf1+ 21.
Qxf1 Bf7 22. g4 e6 23. g3 e5 24. Qe1 b5 25. Qa5 Qb7 26. Qd8+ Kg7 27. Qxd6 bxc4
28. Qxe5+ Kg8 29. dxc4 a5 30. g5 a4 31. Qc3 axb3 32. axb3 Qxe4 33. Qd2 Qb1+ 34.
Kf2 Qf5+ 35. Kg2 Qe4+ 36. Kh2 Qd4 37. Qg2 Qe3 38. Qa8+ Kg7 39. Qa1+ Kg8 40. Qa8+
Be8 41. Qb8 Qf2+ 0-1

[Event "AUTO-ADV-3305"]
[Site "http://www.queenalice.com/game.php?id=1326450"]
[Date "2014.12.6"]
[Round "1"]
[White "MSchatz"]
[Black "vallef"]
[Result "1-0"]
[WhiteElo "1870"]
[BlackElo "1707"]

1. e4 e5 2. Nf3 Nc6 3. Bc4 h6 4. d3 Nf6 5. Be3 Be7 6. Nc3 O-O 7. O-O d6 8. h3
Bxh3 9. gxh3 Na5 10. Bb3 Nxb3 11. axb3 Qd7 12. Kh2 g5 13. Rg1 Nh5 14. Bxg5 Kh7
15. Bxe7 Qxe7 16. Nd5 Qd7 17. Nh4 c6 18. Ne3 Nf4 19. Nhf5 Rg8 20. Ng4 Rg6 21.
Qd2 d5 22. Nxe5 Qc7 23. Qxf4 Rxg1 24. Qxh6+ 1-0

[Event "AUTO-ADV-3305"]
[Site "http://www.queenalice.com/game.php?id=1326451"]
[Date "2014.12.6"]
[Round "1"]
[White "vallef"]
[Black "MSchatz"]
[Result "0-1"]
[WhiteElo "1714"]
[BlackElo "1936"]

1. e4 e5 2. Nf3 Nc6 3. Bc4 Bc5 4. O-O d6 5. h3 Be6 6. Bxe6 fxe6 7. d3 h6 8. a3
Nf6 9. c3 O-O 10. d4 exd4 11. cxd4 Bb6 12. Nc3 a6 13. b4 Re8 14. Bb2 Qe7 15. d5
exd5 16. exd5 Ne5 17. Re1 Nxf3+ 18. Qxf3 Qd7 19. Ne4 Nxe4 20. Rxe4 Rf8 21. Rf4
Rxf4 22. Qxf4 Rf8 23. Qe4 Rxf2 24. Bd4 Bxd4 25. Qxd4 Rf8 26. Re1 Qb5 27. Kh2 Re8
28. Re4 Rxe4 29. Qxe4 Qd7 30. g3 Qf7 31. Kg2 b6 32. g4 Kf8 33. h4 Qf6 34. a4
Qb2+ 35. Kg3 Qb3+ 36. Kf4 Qxa4 37. Qf5+ Ke7 38. Qe6+ Kf8 39. Qc8+ Qe8 40. Qxa6
Qe5+ 41. Kf3 Qxd5+ 42. Ke3 Qb3+ 43. Kf2 Qb2+ 44. Ke3 Qe5+ 45. Kf3 d5 0-1

[Event "Challenge"]
[Site "http://www.queenalice.com/game.php?id=1327816"]
[Date "2014.12.13"]
[Round "-"]
[White "cyrano"]
[Black "vallef"]
[Result "0-1"]
[WhiteElo "1711"]
[BlackElo "1682"]

1. e4 e5 2. Bc4 Nf6 3. Qf3 Nc6 4. c3 Bc5 5. Ne2 d6 6. d4 exd4 7. Qg3 g6 8. cxd4
Nxd4 9. e5 Nxe2 10. Kxe2 Ne4 11. Qf4 d5 12. Bb3 O-O 13. f3 g5 14. Qxe4 dxe4 15.
fxe4 Bg4+ 16. Ke1 Qd4 17. Bd2 Qf2# 0-1

[Event "Challenge"]
[Site "http://www.queenalice.com/game.php?id=1328486"]
[Date "2014.12.16"]
[Round "-"]
[White "Camy"]
[Black "vallef"]
[Result "0-1"]
[WhiteElo "1696"]
[BlackElo "1698"]

1. e3 e5 2. Nc3 Nf6 3. Bc4 Bc5 4. Nf3 Nc6 5. O-O O-O 6. Bd3 d5 7. e4 d4 8. Nd5
Nxd5 9. exd5 Ne7 10. Be4 Bf5 11. Bxf5 Nxf5 12. Nxe5 Bd6 13. Qe1 Re8 14. f4 f6
15. Qe4 Nh6 16. Qxd4 fxe5 17. fxe5 Rxe5 18. d3 Qe7 19. Bf4 Bc5 20. Bxe5 Bxd4+
21. Bxd4 Qd6 22. c3 Qxd5 23. Rae1 c5 24. Re5 Qd6 25. Rxc5 Rf8 26. b4 b6 27. Re5
Ng4 28. Rg5 Qxh2# 0-1

[Event "AUTO-ADV-3331"]
[Site "http://www.queenalice.com/game.php?id=1333681"]
[Date "2015.1.8"]
[Round "1"]
[White "vallef"]
[Black "Mariahi"]
[Result "0-1"]
[WhiteElo "1707"]
[BlackElo "2152"]

1. e4 d6 2. d4 Nf6 3. Bc4 Nxe4 4. Nf3 g6 5. O-O Bg7 6. Ng5 Nxg5 7. Bxg5 O-O 8.
Re1 Re8 9. Qf3 Bf6 10. Be3 e6 11. Nc3 d5 12. Bd3 Nc6 13. Ne2 Nb4 14. Bf4 Nxd3
15. Qxd3 b6 16. Be5 Bxe5 17. dxe5 a5 18. a4 Ba6 19. Qd2 Bxe2 0-1

[Event "AUTO-ADV-3331"]
[Site "http://www.queenalice.com/game.php?id=1333682"]
[Date "2015.1.8"]
[Round "1"]
[White "Mariahi"]
[Black "vallef"]
[Result "1-0"]
[WhiteElo "2214"]
[BlackElo "1688"]

1. f4 c5 2. Nf3 Nf6 3. e3 d5 4. b3 g6 5. Bb2 Bg7 6. Bb5+ Nc6 7. Bxc6+ bxc6 8.
O-O O-O 9. Qe2 Bf5 10. d3 a5 11. a4 Rb8 12. Nbd2 Qd7 13. Ne5 Qb7 14. e4 Be6 15.
Rab1 Nd7 16. Nxd7 Bxd7 17. Bxg7 Kxg7 18. Nf3 dxe4 19. Qxe4 Bf5 20. Qe5+ f6 21.
Qxc5 Qb6 22. Qxb6 Rxb6 23. Nd4 Bd7 24. Rbe1 f5 25. Ne6+ Bxe6 26. Rxe6 Rf6 27.
Rxe7+ 1-0

[Event "AUTO-ADV-3331"]
[Site "http://www.queenalice.com/game.php?id=1333683"]
[Date "2015.1.8"]
[Round "1"]
[White "vallef"]
[Black "Karjaking"]
[Result "0-1"]
[WhiteElo "1701"]
[BlackElo "1895"]

1. e4 e5 2. Nf3 d6 3. Bc4 Nf6 4. Nc3 Be7 5. O-O O-O 6. d3 c6 7. a3 Be6 8. Bxe6
fxe6 9. Bg5 Nbd7 10. b4 d5 11. exd5 exd5 12. Qd2 Qe8 13. h3 Nh5 14. Rae1 Qg6 15.
Nxe5 Nxe5 16. Rxe5 Bd6 17. Re2 Bf4 18. Bxf4 Nxf4 19. Re3 Qxg2# 0-1

[Event "AUTO-ADV-3331"]
[Site "http://www.queenalice.com/game.php?id=1333684"]
[Date "2015.1.8"]
[Round "1"]
[White "Karjaking"]
[Black "vallef"]
[Result "1-0"]
[WhiteElo "1987"]
[BlackElo "1693"]

1. e4 e5 2. Nf3 Nc6 3. Bc4 h6 4. c3 Nf6 5. d4 exd4 6. e5 Ne4 7. cxd4 Bb4+ 8. Bd2
a5 9. a3 Bxd2+ 10. Nbxd2 Nxd2 11. Qxd2 O-O 12. O-O b6 13. Rfe1 Bb7 14. d5 Ne7
15. Rad1 d6 16. e6 fxe6 17. Rxe6 Nf5 18. Rde1 Qd7 19. g4 Rae8 20. gxf5 Rxe6 21.
fxe6 Qe8 22. Nh4 1-0

[Event "AUTO-ADV-3331"]
[Site "http://www.queenalice.com/game.php?id=1333685"]
[Date "2015.1.8"]
[Round "1"]
[White "vallef"]
[Black "qxr"]
[Result "0-1"]
[WhiteElo "1705"]
[BlackElo "1688"]

1. e4 c5 2. Nf3 e6 3. Bc4 Nc6 4. c3 d5 5. exd5 exd5 6. Bb5 Bd7 7. Bxc6 Bxc6 8.
O-O Be7 9. d3 Nf6 10. Ne5 Qd6 11. Bf4 O-O 12. Qd2 Qd8 13. c4 dxc4 14. Nxc4 Qc8
15. Qe3 Re8 16. Nc3 Nd5 17. Nxd5 Bxd5 18. Qg3 Kh8 19. Ne5 Bf6 20. Rfe1 Bxe5 21.
Bxe5 f6 22. Bc3 Qd7 23. Re3 Be6 24. Rae1 Bxa2 25. Rxe8+ Rxe8 26. Rxe8+ Qxe8 27.
Qc7 h6 28. Qxc5 a6 29. d4 Qe4 30. h3 Bd5 31. Qa5 Qxg2# 0-1

[Event "AUTO-ADV-3331"]
[Site "http://www.queenalice.com/game.php?id=1333686"]
[Date "2015.1.8"]
[Round "1"]
[White "qxr"]
[Black "vallef"]
[Result "0-1"]
[WhiteElo "1664"]
[BlackElo "1686"]

1. d4 d6 2. Nf3 Nf6 3. c4 g6 4. Nc3 Bg7 5. e4 O-O 6. Be2 a6 7. O-O c6 8. Be3 b5
9. cxb5 axb5 10. a3 Ng4 11. Bd2 Bb7 12. h3 Nf6 13. Be3 d5 14. e5 Ne4 15. Nxe4
dxe4 16. Nd2 c5 17. Bxb5 cxd4 18. Bf4 Qd5 19. Bc4 Qc6 20. f3 e3 21. Nb3 Qxc4 22.
Na5 Qa6 23. Qe1 Nc6 24. Nxb7 Qxb7 25. b4 Nxe5 26. Bxe5 Bxe5 27. Qe2 Rfd8 28.
Rad1 Rxa3 29. f4 Bc7 30. Qb2 Rc3 31. b5 Qe4 32. Rde1 Bxf4 33. Rf3 Rdc8 34. Ref1
Rc2 35. Qb4 e2 36. Re1 Rc1 0-1